[Event "Udaipur Lakecity op 3rd"]
[Site "Udaipur"]
[Date "2019.03.28"]
[Round "2"]
[White "Ammar, Habib"]
[Black "Shubham, Shukla"]
[Result "0-1"]
[WhiteElo "1470"]
[BlackElo "1948"]
[PlyCount "62"]
[EventDate "2019.03.28"]
[EventType "swiss"]
[EventRounds "8"]
[EventCountry "IND"]
[SourceTitle "CBM 189 Extra"]
[Source "ChessBase"]
[SourceDate "2019.05.31"]
[SourceVersion "1"]
[SourceVersionDate "2019.05.31"]
[SourceQuality "1"]

1. e4 c5 2. Nf3 a6 3. d4 cxd4 4. Nxd4 Nf6 5. Nc3 e5 6. Nde2 Bc5 7. Ng3 Nc6 8. Bc4 d6 9. 0-0 Bg4 10. Qd2 Nd4 11. Nd5 h5 12. c3 Ne6 13. b4 Ba7 14. Kh1 h4 15. Nxf6+ Qxf6 16. Nf5 h3 17. Nxd6+ Kf8 18. f3 hxg2+ 19. Qxg2 Bh3 20. Qe2 Bxf1 21. Qxf1 Nf4 22. Bxf4 Qxf4 23. Qg2 f6 24. Nf5 g6 25. Ng3 Rh4 26. Ne2 Qh6 27. Rd1 Ke7 28. Ng3 Rh8 29. Nf1 Be3 30. Qe2 Bf4 31. Qd3 Rxh2+ 0-1